| 000 | 01071nam a2200229Ia 4500 | ||
|---|---|---|---|
| 003 | Ost | ||
| 005 | 20260507075340.0 | ||
| 008 | 260507s9999||||xx |||||||||||||| ||und|| | ||
| 020 | _a9789957123420 | ||
| 040 | _cfsecg | ||
| 041 | _aara | ||
| 082 | _a330 | ||
| 100 |
_aالطائي، حميد _eمؤلف |
||
| 245 | 0 |
_aالتسويق الحديث : _bمدخل شامل / _c حميد الطائي |
|
| 260 |
_aعمان: _bدار اليازوري, _c2010 |
||
| 300 |
_a368 صفحة؛ _bإيضاحات ؛ _c25 سم |
||
| 520 | _aمدخل الى التسويق و البيئة التسويقية ، السوق و السوق المستهدفة و سلوك المستهلك الشرائي، نظام المعلومات التسويقية و بحوث التسويق ، النتجات و الخدمات و التسعير و التوزيع و الترويجو أخيرا التسويق الالكتروني | ||
| 653 | _aالتسويق | ||
| 653 | _aالتسويق الالكتروني | ||
| 700 |
_aالصميدعي، محمود _eمؤلف ثانوي |
||
| 942 | _cكتاب | ||
| 999 |
_c44084 _d44084 |
||